000 00684nam a22002297a 4500
003 UA-OsUOA
001 67795
007 ta
008 20100311b un ||||| |||| 00| 0 ukr d
100 _aВасильев В. Л.
090 _a340.6
_bВ19
942 _cBK
040 _aUA-OsUOA
_bukr
_cUA-OsUOA
_dUA-OsUOA
245 _aЮридическая психология
_bУчебное пособие
300 _a95 с.
955 _a2
041 _aukr
080 _a340.6
260 _aЛенинград
_c1974
650 7 _a340 Право в цілому. Пропедевтика. Методи та допоміжні правничі науки
_2UDC
999 _c353919
_d353919